000 00538cam a22001337a 4500
008 180718b1997 xxu||||| |||| 00| 0 eng d
082 _aA81x54 91/9/PT12A&B/SI
100 _aCensus of India 1991
245 _aHimachal Pradesh district census handbook, Sirmaur: village and town directory, village and townwise primary census abstract
260 _aShimla
_bCotroller, Printing and Stationery Department
_c1997
300 _a425p.
440 _aCensus of India 1991. Series-9, Himachal Pradesh. Part XII A & B
650 _aSirmaur - Census
999 _c478527
_d478527